00792cam a22002411 4500001001300000003000400013005001700017008004100034010001700075035002000092040004100112042001200153050001500165100002700180245008300207260007300290300001900363440003400382651004100416651003700457651003900494999001700533ne 66002018 DLC20260227111827.0890106s1966 sy b 000 0 ara c ane 66002018  a(OCoLC)18978121 aPrinceton Univ. Libr.cTxUdTxUdDLC apremarc00aDS63b.K471 aKīlānī, Haytham.13aal-Mawqiʻ al-strātījī al-ʻArabī,ctaʼlīf Haytham al-Kīlānī. a[Dimashq,bWizarāt al-Thaqāfah wa-al-Irshād al-Qawmī,c1966] a303 p.c20 cm. 0aSilsilat kutub qawmīyah,v6 0aArab countriesxEconomic conditions. 0aArab countriesxMilitary policy. 0aArab countriesxForeign relations. c49250d49250